| 000 | 02132cam a22003618i 4500 | ||
|---|---|---|---|
| 001 | 21663321 | ||
| 003 | NUST | ||
| 005 | 20221013122733.0 | ||
| 008 | 200811s2022 nyu b 001 0 eng | ||
| 010 | _a 2020036600 | ||
| 020 |
_a978-1-25-900247-2 _q(paperback ; _qalk. paper) |
||
| 020 |
_z9781264169634 _q(ebook) |
||
| 040 |
_aDLC _beng _erda _cDLC _dDLC |
||
| 042 | _apcc | ||
| 050 | 0 | 0 |
_aBF76.5 _b.B67 2022 |
| 082 | 0 | 0 |
_a150.72, BOR _223 |
| 100 | 1 |
_aBordens, Kenneth S., _eauthor. _93185 |
|
| 245 | 1 | 0 |
_aResearch design and methods : _ba process approach / _cKenneth S. Bordens, Bruce B. Abbott, Purdue University Fort Wayne. |
| 250 | _aEleventh edition. | ||
| 263 | _a2102 | ||
| 264 | 1 |
_aNew York : _bMcGraw-Hill Education, _c[2022] |
|
| 300 | _axxi, 544: pages | ||
| 336 |
_atext _btxt _2rdacontent |
||
| 337 |
_aunmediated _bn _2rdamedia |
||
| 338 |
_avolume _bnc _2rdacarrier |
||
| 505 | _aChapter 1: Explaining Behavior (Page-1), Chapter 2: Developing and Evaluating Theories of Behavior (Page-32),Chapter 3: Getting Ideas for Research (Page-56),Chapter 4: Choosing a Research Design (Page-102),Chapter 5: Making Systemic Observations (Page-127),Chapter 6: Choosing and Using Research Subject (Page-162),Chapter 7: Understanding Etheical Issues in the Research Process (Page-197), Chapter 8: Using Nonexperimental Research (Page-223),Chapter 9: Using Survey Research (Page-258),Chapter 10: Using Between-Subjects and within-Subjects Experimental Design (Page-290),Chapter 11: Using Specialized Research Designs (Page-330),Chapter 12: Using Single-Subject Designs (Page-357),Chapter 13: Describing Data (Page-391), Chapter 14: Using Inferential Statistics (Page-430),Chapter 15: Using Multivariate Design and Analysis (Page-466),Chapter 16: Reporting your Research Results (Page-500). | ||
| 650 | 0 |
_aPsychology _xResearch. _937077 |
|
| 650 | 0 |
_aPsychology _xResearch _xMethodology. |
|
| 700 | 1 |
_aAbbott, Bruce B., _eauthor. _93188 |
|
| 906 |
_a7 _bcbc _corignew _d1 _eecip _f20 _gy-gencatlg |
||
| 942 |
_2ddc _cBK |
||
| 999 |
_c591769 _d591769 |
||